|
|
|
|
| LEADER |
00000nam a22000007a 4500 |
| 008 |
200409s2009 cl |||| o|||| 00| 0 spa d |
| 040 |
|
|
|a UAHC
|c UAHC
|
| 110 |
|
|
|a Chile.
|b Ministerio de Educación
|9 1825
|
| 245 |
|
|
|a Lengua y Literatura :
|b programa de estudio tercero medio
|c Ministerio de Educación.
|
| 260 |
|
|
|a Santiago, Chile :
|b Ministerio de Educación,
|c 2009.
|
| 300 |
|
|
|a 169 páginas
|
| 500 |
|
|
|a Sitio visitado https://bibliotecadigital.mineduc.cl/bitstream/handle/20.500.12365/260/MONO-205.pdf?sequence=1&isAllowed=y el 22 de octubre de 2025.
|
| 520 |
|
|
|a Su objetivo es que los alumnos adquieran las habilidades comunicativas que son indispensables para desenvolverse en el mundo y para integrarse en una sociedad democrática de manera activa e informada.
|
| 856 |
|
|
|y Acceso electrónico al documento
|u https://bibliotecadigital.mineduc.cl/bitstream/handle/20.500.12365/260/MONO-205.pdf?sequence=1&isAllowed=y
|
| 900 |
|
|
|a Recurso electrónico
|
| 942 |
|
|
|c BK
|
| 952 |
|
|
|0 0
|1 0
|2 ddc
|4 0
|7 0
|8 BAS
|9 93786
|a BC
|b BC
|c General
|d 2020-04-23
|l 0
|r 2020-04-23 00:00:00
|w 2020-04-23
|y BK
|A 130
|A 198
|A 199
|B LENG
|B 29
|
| 999 |
|
|
|c 53402
|d 53402
|